header

Researching education (Record no. 133328)

MARC details
000 -LEADER
fixed length control field 01432nam a2200349 a 4500
082 04 - DEWEY DECIMAL CLASSIFICATION NUMBER
Classification number 370.72
100 1# - MAIN ENTRY--AUTHOR NAME
Personal name Scott, David,
245 10 - TITLE STATEMENT
Title Researching education
250 ## - EDITION STATEMENT
Edition statement 2nd ed.
260 ## - PUBLICATION, DISTRIBUTION, ETC. (IMPRINT)
Place of publication London ;
-- New York :
Name of publisher Continuum International Pub. Group,
Year of publication c2011.
300 ## - PHYSICAL DESCRIPTION
Number of Pages vii, 203 p. :
Other physical details ill.
505 0# - FORMATTED CONTENTS NOTE
Formatted contents note pt. 1. Knowledge and philosophy -- pt. 2. Strategies and methods -- pt. 3. Themes and issues.
650 #0 - SUBJECT ADDED ENTRY--TOPICAL TERM
Topical Term Education
700 1# - ADDED ENTRY--PERSONAL NAME
Personal name Usher, Robin,
856 40 - ELECTRONIC LOCATION AND ACCESS
Uniform Resource Identifier http://site.ebrary.com/lib/rucke/Doc?id=10438515

No items available.

© 2026 Rongo University
Contact us: librarian | system librarian | Rongo university